Vizekanzler der Bundesrepublik Deutschland - Sudden Death - Statistiken

Allgemein
  • Dieses Quiz wurde 361 mal gespielt
    207 seit der letzten Aktualisierung
  • Das Durchschnittsergebnis liegt bei 6 aus 19
Answers on the Grid
Answers color-coded by a green-red scale on the quiz's grid according to % correct below.
Lars Klingbeil
Willy Brandt
Frank-Walter Steinmeier
Guido Westerwelle
Franz Josef Strauß
Boris Pistorius
Annalena Baerbock
Klaus Kinkel
Franz Blücher
Joschka Fischer
Robert Habeck
Hans Dietrich Genscher
Helmut Schmidt
Edmund Stoiber
Walter Scheel
Rainer Barzel
Kurt Schumacher
Manfred Wallmann
Hans-Christoph Seebohm
Rudolf Scharping
Erich Mende
Sigmar Gabriel
Hans-Jochen Vogel
Egon Franke
Christian Wulff
Franz Müntefering
Johannes Rau
Gerhard Schröder
Ludwig Erhard
Hanns-Michael Müller
Jürgen Möllemann
Olaf Scholz
Philipp Rösler
 
Antwortstatistiken
Antwort % Korrekt
2025- (Merz I) Lars Klingbeil
56%
2021-2025 (Scholz I) Robert Habeck
56%
2013-2018 (Merkel III) Sigmar Gabriel
56%
2007-2009 (Merkel I) Frank-Walter Steinmeier
54%
2009-2011 (Merkel II) Guido Westerwelle
54%
2018-2021 (Merkel IV) Olaf Scholz
54%
1998-2005 (Schröder I - II) Joschka Fischer
48%
2011-2013 (Merkel II) Philipp Rösler
42%
1974-1982 (Schmidt I - III)
1982-1992 (Kohl I - IV)
Hans Dietrich Genscher
33%
2005-2007 (Merkel I) Franz Müntefering
32%
1966-1969 (Kiesinger I) Willy Brandt
31%
1957-1963 (Adenauer III - IV) Ludwig Erhard
28%
1969-1974 (Brandt I - II) Walter Scheel
27%
1993-1998 (Kohl IV - V) Klaus Kinkel
16%
1992-1993 (Kohl IV) Jürgen Möllemann
15%
1949-1957 (Adenauer I - II) Franz Blücher
14%
1966 (Erhard II) Hans-Christoph Seebohm
9%
1982 (Schmidt III) Egon Franke
7%
1963-1966 (Erhard I - II) Erich Mende
7%
Keine übereinstimmenden Quizze gefunden
Verteilung der Resultate
Anzahl Personen mit jedem Resultat
Perzentil nach korrekt beantworteten Fragen
Ihre Resultats-Entwicklung
Sie haben dieses Quiz seit der letzten Aktualisierung nicht gespielt